Loading...
| History - American History | 0 | 9 | 2 | 0 | 80 | 50 | 104.00 | 0 | 3 |
| History - World History | 0 | 4 | 0 | 0 | 40 | 86 | 104.00 | 0 | 0 |
| Any History | 0 | 5 | 2 | 0 | 40 | 92 | 115.60 | 0 | 0 |
| Geography | 0 | 2 | 0 | 0 | 20 | 68 | 96.00 | 0 | 0 |
| Fine Arts - Classical Music | 0 | 2 | 1 | 0 | 15 | 77 | 107.50 | 0 | 1 |
| Fine Arts - Other Fine Arts | 0 | 2 | 1 | 0 | 15 | 126 | 130.50 | 0 | 0 |
| Current Events | 0 | 2 | 1 | 1 | 15 | 123 | 129.50 | 0 | 0 |
| History - European History | 0 | 2 | 1 | 0 | 15 | 91 | 103.50 | 0 | 0 |
| Other Academic | 0 | 1 | 0 | 0 | 10 | 97 | 97.00 | 0 | 0 |
| Science - Biology | 0 | 1 | 0 | 1 | 10 | 138 | 138.00 | 0 | 0 |
| Religion | 0 | 2 | 2 | 1 | 10 | 46 | 90.50 | 1 | 1 |
| Literature - American Literature | 0 | 1 | 0 | 0 | 10 | 148 | 148.00 | 0 | 0 |
| Literature - European Literature | 0 | 1 | 0 | 0 | 10 | 130 | 130.00 | 0 | 0 |
| Painting & Sculpture | 0 | 1 | 0 | 0 | 10 | 140 | 140.00 | 0 | 0 |
| Social Science | 0 | 1 | 1 | 0 | 5 | 110 | 110.00 | 0 | 0 |
| Literature - British Literature | 0 | 1 | 1 | 0 | 5 | 108 | 108.00 | 0 | 0 |
| Literature - World Literature | 0 | 1 | 1 | 0 | 5 | 152 | 152.00 | 0 | 0 |
| Science - Physics | 0 | 1 | 1 | 0 | 5 | 134 | 134.00 | 0 | 0 |
| Science - Other Science | 0 | 0 | 0 | 0 | 0 | 0.00 | 0 | 0 | |
| Mythology | 0 | 0 | 0 | 0 | 0 | 0.00 | 0 | 0 | |
| Philosophy | 0 | 0 | 1 | 0 | -5 | 0.00 | 0 | 0 | |
| Science - Chemistry | 0 | 0 | 2 | 0 | -10 | 0.00 | 0 | 0 |